<?xml version="1.0" encoding="UTF-8"?><?xml-stylesheet type="text/xsl" href="static/style.xsl"?><OAI-PMH xmlns="http://www.openarchives.org/OAI/2.0/" xmlns:xsi="http://www.w3.org/2001/XMLSchema-instance" xsi:schemaLocation="http://www.openarchives.org/OAI/2.0/ http://www.openarchives.org/OAI/2.0/OAI-PMH.xsd"><responseDate>2026-06-02T21:35:24Z</responseDate><request verb="GetRecord" identifier="oai:riuma.uma.es:10630/6548" metadataPrefix="marc">https://riuma.uma.es/rest/oai/request</request><GetRecord><record><header><identifier>oai:riuma.uma.es:10630/6548</identifier><datestamp>2026-02-03T12:52:50Z</datestamp><setSpec>com_10630_5701</setSpec><setSpec>com_10630_3139</setSpec><setSpec>com_10630_10</setSpec><setSpec>col_10630_6477</setSpec></header><metadata><record xmlns="http://www.loc.gov/MARC21/slim" xmlns:dcterms="http://purl.org/dc/terms/" xmlns:doc="http://www.lyncode.com/xoai" xmlns:xsi="http://www.w3.org/2001/XMLSchema-instance" xsi:schemaLocation="http://www.loc.gov/MARC21/slim http://www.loc.gov/standards/marcxml/schema/MARC21slim.xsd">
   <leader>00925njm 22002777a 4500</leader>
   <datafield ind2=" " ind1=" " tag="042">
      <subfield code="a">dc</subfield>
   </datafield>
   <datafield ind2=" " ind1=" " tag="720">
      <subfield code="a">García-González, José Antonio</subfield>
      <subfield code="e">author</subfield>
   </datafield>
   <datafield ind2=" " ind1=" " tag="260">
      <subfield code="c">2009</subfield>
   </datafield>
   <datafield ind2=" " ind1=" " tag="520">
      <subfield code="a">El tema de la reproducción humana y todas aquellas cuestiones vinculadas a él, como&#xd;
la herencia, determinación del sexo, papel desarrollado por los progenitores o la naturaleza y&#xd;
procedencia del semen han formado parte del campo de estudio de los científicos griegos desde&#xd;
sus inicios, como se deja ver en la información que de estas primeras etapas de la ciencia jonia nos&#xd;
ha llegado. Algunas de las respuestas ofrecidas a estas cuestiones prefiguran las teorías actuales.</subfield>
   </datafield>
   <datafield ind2=" " ind1=" " tag="520">
      <subfield code="a">The topic of the reproduction humanizes and all those questions linked to him, as the&#xd;
heredity, determination of the sex, role developed by the ancestors or the nature and origin of&#xd;
the semen have been a part of the field of study of the Greek scientists from his beginnings,&#xd;
since it is allowed to see in the information that from these first stages of the science jonia has&#xd;
come to us. Some of the responses offered to these questions prefigure the current theories.</subfield>
   </datafield>
   <datafield ind1="8" ind2=" " tag="024">
      <subfield code="a">GARCÍA GONZÁLEZ, JOSÉ ANTONIO "Diferenciación sexual y teorías reproductivas en època clásica" Baetica, 31, 2009, 207-228</subfield>
   </datafield>
   <datafield ind1="8" ind2=" " tag="024">
      <subfield code="a">0212-5099</subfield>
   </datafield>
   <datafield ind1="8" ind2=" " tag="024">
      <subfield code="a">http://hdl.handle.net/10630/6548</subfield>
   </datafield>
   <datafield tag="653" ind2=" " ind1=" ">
      <subfield code="a">Reproducción - Teoría - Historia</subfield>
   </datafield>
   <datafield ind2="0" ind1="0" tag="245">
      <subfield code="a">Diferenciación sexual y teorías reproductivas en època clásica</subfield>
   </datafield>
</record>
</metadata></record></GetRecord></OAI-PMH>